000
00251 a2200085 4500
020
_a
9789383419814
100
_a
Richa Raut and Yashwant Pitkar
245
_a
Sikandarah:: Geometry, Calligraphy, Epigraphy, Islimi, Poetry
260
_b
Copal Publishing
_c
2024
999
_c
13274
_d
13274